Basic calculus / (Record no. 1491)

MARC details
000 -LEADER
fixed length control field 00400nam a2200145 4500
001 - CONTROL NUMBER
control field 1938
005 - DATE AND TIME OF LATEST TRANSACTION
control field 20181127164242.0
008 - FIXED-LENGTH DATA ELEMENTS--GENERAL INFORMATION
fixed length control field 700820s1968 ilua 000 0 eng
010 ## - LIBRARY OF CONGRESS CONTROL NUMBER
LC control number 68012119
100 1# - MAIN ENTRY--PERSONAL NAME
Personal name Friedman, Nathaniel A.
245 10 - TITLE STATEMENT
Title Basic calculus /
Statement of responsibility, etc. Nathaniel A. Friedman.
260 ## - PUBLICATION, DISTRIBUTION, ETC.
Place of publication, distribution, etc. Glenview, IL :
Name of publisher, distributor, etc. Scott, Foresman and Co.,
Date of publication, distribution, etc. 1968.
300 ## - PHYSICAL DESCRIPTION
Extent 295 p. :
Other physical details ill.
Dimensions
Accompanying material
650 #0 - SUBJECT ADDED ENTRY--TOPICAL TERM
Topical term or geographic name entry element Calculus.
Holdings
Withdrawn status Lost status Source of classification or shelving scheme Damaged status Not for loan Collection code Home library Current library Shelving location Date acquired Serial Enumeration / chronology Inventory number Total Checkouts Full call number Barcode Date last seen Date last checked out Price effective from Koha item type
    Dewey Decimal Classification     Main TEST RTC Library RTC Library Main opac 01/09/2022 1201 2 515 FRI 30003333 25/10/2023 16/10/2023 27/11/2018 Main
Royal Thimphu College || All Right Reserved